| 000 | 00560nam a22001817a 4500 | ||
|---|---|---|---|
| 005 | 20151013084136.0 | ||
| 008 | 150519b xxu||||| |||| 00| 0 eng d | ||
| 041 | 0 | _aeng | |
| 080 | _a311.42 | ||
| 100 | _aMurphree, Bowerman | ||
| 245 | 0 | 0 |
_aEssentials of business statistics / _cBruce L. Bowerman ... [et al.]. |
| 250 | _a4th ed. | ||
| 260 |
_aNew York : _bMcGraw-Hill/Irwin, _cc2012. |
||
| 300 |
_axxii, 665 f. : _bme il.; _c29 cm. |
||
| 500 | _aIncludes bibliographical references (p. 657-658) and indexes. | ||
| 700 | 1 | _aMurphree, Bowerman | |
| 942 |
_2udc _cBK |
||
| 999 |
_c818 _d818 |
||